[Event "Elit(Limhamn-Manhem)"]
[Site "?"]
[Date "2008.02.02"]
[Round "7"]
[White "Penalver, Osmani"]
[Black "Liljedahl, Lennart"]
[Result "1-0"]
[WhiteElo "2280"]
[BlackElo "2245"]
[PlyCount "69"]

1. d4 Nf6 2. c4 e6 3. Nc3 Bb4 4. f3 d5 5. a3 Bxc3+ 6. bxc3 O-O 7. cxd5 exd5 8.
e3 Re8 9. Bd3 c5 10. Ne2 Nc6 11. O-O c4 12. Bc2 b5 13. Ng3 a5 14. Rb1 Rb8 15.
e4 Rb6 16. e5 Nd7 17. f4 b4 18. Qh5 Nf8 19. f5 bxc3 20. e6 Re7 21. f6 Rxe6 22.
fxg7 Ng6 23. Nf5 Rxb1 24. Bxb1 Rf6 25. Bg5 Bxf5 26. Bxf5 Nxd4 27. Bxf6 Qxf6 28.
Bxg6 Qxg6 29. Qxd5 Ne2+ 30. Kh1 c2 31. Qc5 Kxg7 32. Qe5+ f6 33. Qxe2 Qd3 34.
Qe7+ Kg8 35. Qe6+ 1-0

[Event "Elit(Skara-Kamraterna)"]
[Site "?"]
[Date "2008.02.02"]
[Round "7"]
[White "Svensson, Bengt"]
[Black "Kotronias, Vasilios"]
[Result "1/2-1/2"]
[WhiteElo "2515"]
[BlackElo "2718"]
[PlyCount "93"]

1. e4 c5 2. Nf3 e6 3. d4 cxd4 4. Nxd4 a6 5. Bd3 Bc5 6. Nb3 Be7 7. Qg4 g6 8. f4
d6 9. Nc3 Nd7 10. Qf3 Qc7 11. Be3 Ngf6 12. g4 h6 13. O-O-O b5 14. Kb1 Bb7 15.
a3 O-O-O 16. h3 Kb8 17. Qf2 Nc5 18. Nxc5 dxc5 19. e5 Nd5 20. Nxd5 Bxd5 21. Rhe1
Qc6 22. f5 c4 23. f6 Bxa3 24. bxa3 cxd3 25. cxd3 Qc3 26. Qb2 Rc8 27. Bd4 Qxb2+
28. Kxb2 g5 29. Rc1 Kb7 30. Rxc8 Rxc8 31. Re2 a5 32. Bc3 Ka6 33. Bd2 Rb8 34.
Rh2 b4 35. axb4 axb4 36. h4 Kb5 37. hxg5 hxg5 38. Rh7 Rb7 39. Rh8 b3 40. Ra8
Rc7 41. Rb8+ Kc6 42. Be3 Rd7 43. Rb6+ Kc7 44. Rd6 Rxd6 45. exd6+ Kxd6 46. Bxg5
e5 47. Kc3 1/2-1/2

[Event "Elit(Skara-Kamraterna)"]
[Site "?"]
[Date "2008.02.02"]
[Round "7"]
[White "Djurhuus, Rune"]
[Black "Aberg, Anton"]
[Result "0-1"]
[WhiteElo "2570"]
[BlackElo "2393"]
[PlyCount "124"]

1. d4 d5 2. Nf3 Nf6 3. c4 c6 4. Nbd2 g6 5. e3 Bg7 6. Be2 O-O 7. O-O Nbd7 8. Nb3
dxc4 9. Bxc4 Qc7 10. Qc2 e5 11. Bd2 e4 12. Ng5 Nb6 13. Bb4 Nxc4 14. Bxf8 Bxf8
15. Qxc4 h6 16. Nh3 Ng4 17. g3 Nxe3 18. fxe3 Bxh3 19. Nd2 Bxf1 20. Rxf1 Bg7 21.
Rf4 Rd8 22. Rxe4 Kh7 23. Nf3 Rd5 24. Re8 Qd7 25. Ra8 a6 26. Qc2 Qe7 27. Kf2 c5
28. Qc4 Rf5 29. Qd3 cxd4 30. exd4 Qd7 31. Kg2 Rd5 32. Qa3 Qe6 33. Qd3 Qd6 34.
Qe4 Qc6 35. Rc8 Qxc8 36. Qxd5 Kg8 37. Qe4 Qd7 38. b3 Qc8 39. h4 Qd7 40. h5 gxh5
41. d5 Bf6 42. Qf4 Kg7 43. d6 Qg4 44. Nd2 Qe2+ 45. Qf2 Qd3 46. Nc4 Kg6 47. Qf4
Qd5+ 48. Qf3 Qxf3+ 49. Kxf3 Kf5 50. Na5 b6 51. Nc6 Ke6 52. d7 Kxd7 53. Nb8+ Kc8
54. Nc6 a5 55. Ke4 Kc7 56. Kf5 h4 57. gxh4 Bxh4 58. Ne5 f6 59. Nd3 Bg5 60. b4
h5 61. bxa5 bxa5 62. a4 Kc6 0-1

[Event "Elit(Skara-Kamraterna)"]
[Site "?"]
[Date "2008.02.02"]
[Round "7"]
[White "Svenn, Gosta"]
[Black "Gausel, Einar"]
[Result "0-1"]
[WhiteElo "2358"]
[BlackElo "2577"]
[PlyCount "144"]

1. d4 Nf6 2. c4 c5 3. d5 e5 4. Nc3 d6 5. e4 Be7 6. Nf3 Nbd7 7. Be2 O-O 8. O-O
Ne8 9. a3 Kh8 10. b4 g6 11. Ne1 f5 12. Nd3 b6 13. a4 fxe4 14. Nxe4 Ndf6 15. Bf3
Bf5 16. Re1 Qc8 17. Bh6 Ng7 18. Qb3 Rb8 19. Qc3 Nxe4 20. Bxe4 Bf6 21. a5 Rf7
22. axb6 axb6 23. f3 Nh5 24. Qd2 Nf4 25. Bxf5 Qxf5 26. Bxf4 exf4 27. Rab1 Bd4+
28. Kf1 cxb4 29. Re4 Be3 30. Qxb4 Rd8 31. Rd1 Kg8 32. Qb2 Rc7 33. Qa2 Rdc8 34.
g4 Qf6 35. Qb2 Qxb2 36. Nxb2 b5 37. Rd3 Bc1 38. Re2 Bxb2 39. Rxb2 bxc4 40. Rd4
c3 41. Rc2 g5 42. h4 h6 43. Rd3 Rc5 44. Kf2 Kf7 45. Kf1 R8c7 46. Kf2 Ke8 47.
Ke1 gxh4 48. Kf2 Kf7 49. Kg2 Kg6 50. Kh2 h5 51. gxh5+ Kxh5 52. Kg2 Kg5 53. Kh2
Kf5 54. Kh3 Re7 55. Rcxc3 Rxc3 56. Rxc3 Re3 57. Rc1 Rxf3+ 58. Kxh4 Rd3 59. Rc8
Ke4 60. Rf8 Rxd5 61. Kg4 Ke3 62. Re8+ Re5 63. Ra8 d5 64. Ra4 Re4 65. Ra3+ Kd2
66. Ra5 d4 67. Kf3 Re8 68. Kxf4 d3 69. Kf3 Kd1 70. Kf2 d2 71. Ra7 Rf8+ 72. Kg2
Rd8 0-1

[Event "Elit(Skara-Kamraterna)"]
[Site "?"]
[Date "2008.02.02"]
[Round "7"]
[White "Eklund, Lars-Goran"]
[Black "Hamark, Jesper"]
[Result "1/2-1/2"]
[WhiteElo "2355"]
[BlackElo "2380"]
[PlyCount "86"]

1. Nf3 b6 2. g3 Bb7 3. Bg2 f5 4. O-O Nf6 5. c4 g6 6. b4 Bg7 7. Bb2 O-O 8. Qb3
e6 9. a4 a5 10. bxa5 Rxa5 11. Bc3 Ra6 12. d3 Nc6 13. Nbd2 Qa8 14. Rfb1 Na5 15.
Qc2 Bc6 16. Ra2 d6 17. Rba1 e5 18. Nb3 e4 19. Nxa5 Rxa5 20. Nd4 exd3 21. Bxc6
dxc2 22. Bxa8 Raxa8 23. Ne6 Rf7 24. Nxg7 Kxg7 25. Rxc2 Kf8 26. a5 bxa5 27. Rxa5
Rxa5 28. Bxa5 Ne4 29. f3 Nc5 30. Rb2 Ke8 31. Kf2 Kd7 32. Bd2 Rf8 33. Be3 Kc6
34. Rb5 Ne6 35. Ra5 Rb8 36. Ra6+ Kd7 37. Ra4 Rb2 38. h4 Rc2 39. Ke1 Kc6 40.
Ra6+ Kb7 41. Ra7+ Kc6 42. Ra6+ Kd7 43. Ra4 Kc6 1/2-1/2

[Event "Elit(Skara-Kamraterna)"]
[Site "?"]
[Date "2008.02.02"]
[Round "7"]
[White "Madebrink, Lars"]
[Black "Svensson, Sven"]
[Result "0-1"]
[WhiteElo "2259"]
[BlackElo "2279"]
[PlyCount "94"]

1. c4 Nf6 2. Nc3 c5 3. Nf3 e6 4. d4 d5 5. cxd5 Nxd5 6. e4 Nxc3 7. bxc3 cxd4 8.
cxd4 Bb4+ 9. Bd2 Bxd2+ 10. Qxd2 O-O 11. Be2 b6 12. O-O Bb7 13. Qf4 Nc6 14. Rfd1
Rc8 15. Rac1 Qe7 16. h3 Rfd8 17. Bb5 Qd6 18. e5 Qe7 19. Ng5 Nb4 20. a4 Nd5 21.
Qg3 Rxc1 22. Rxc1 Nc7 23. Bd3 h6 24. Be4 Qxg5 25. Qxg5 hxg5 26. Bxb7 Nd5 27.
Kf1 Ne7 28. Rc7 Nf5 29. Be4 Nxd4 30. Rxa7 Nb3 31. Ke2 g6 32. Ke3 Nc5 33. Bc2
Rd5 34. Ra8+ Kg7 35. Rb8 Rxe5+ 36. Kd2 Ne4+ 37. Kc1 Nxf2 38. Rxb6 g4 39. hxg4
Nxg4 40. Kd2 Rd5+ 41. Kc3 Rc5+ 42. Kb3 Ne3 43. Be4 Nc4 44. Rc6 Rxc6 45. Bxc6
Na5+ 46. Kb4 Nxc6+ 47. Kc5 e5 0-1

[Event "Elit(Skara-Kamraterna)"]
[Site "?"]
[Date "2008.02.02"]
[Round "7"]
[White "Friberg, Hans"]
[Black "Haggstrom, Olle"]
[Result "1/2-1/2"]
[WhiteElo "2285"]
[BlackElo "2239"]
[PlyCount "63"]

1. Nf3 Nf6 2. c4 c6 3. d4 d5 4. Nc3 e6 5. Bg5 Nbd7 6. cxd5 exd5 7. Qc2 Be7 8.
e3 O-O 9. Bd3 Re8 10. O-O Nf8 11. h3 g6 12. Bxf6 Bxf6 13. b4 a6 14. a4 Be6 15.
Rab1 Nd7 16. Rfc1 Rc8 17. Ne2 Nf8 18. Qb3 Be7 19. Nf4 Bd6 20. Nxe6 Nxe6 21. b5
axb5 22. axb5 c5 23. dxc5 Nxc5 24. Qd1 Bb8 25. Bf1 Qd6 26. Rb2 Ne4 27. Rxc8
Rxc8 28. Rc2 Rxc2 29. Qxc2 Qc5 30. Qxc5 Nxc5 31. Be2 Kf8 32. Nd2 1/2-1/2

[Event "Elit(Skara-Kamraterna)"]
[Site "?"]
[Date "2008.02.02"]
[Round "7"]
[White "Svenn, Matti"]
[Black "Nyman, Viktor"]
[Result "1-0"]
[WhiteElo "2246"]
[BlackElo "1987"]
[PlyCount "73"]

1. e4 e5 2. Nf3 Nc6 3. Bb5 a6 4. Ba4 Nf6 5. O-O b5 6. Bb3 Be7 7. Re1 d6 8. c3
Na5 9. Bc2 O-O 10. h3 c5 11. d4 cxd4 12. cxd4 Nc6 13. Nc3 Bb7 14. Be3 Nd7 15.
Nd5 Na5 16. Nxe7+ Qxe7 17. b3 Rac8 18. d5 Ba8 19. Qd2 Nb7 20. b4 Qd8 21. a4
bxa4 22. Bxa4 Nb6 23. Bb3 a5 24. bxa5 Nc4 25. Bxc4 Rxc4 26. Qd3 Rc8 27. a6 Nc5
28. Bxc5 Rxc5 29. Rec1 Qc7 30. Qe3 Rc8 31. Rxc5 dxc5 32. Qc3 f5 33. Nxe5 fxe4
34. Rd1 Rd8 35. d6 Qa7 36. Qc4+ Kf8 37. d7 1-0

[Event "Elit(Skara-Kamraterna)"]
[Site "?"]
[Date "2008.02.02"]
[Round "7"]
[White "Andersson, Goran"]
[Black "Nyberg, Ulf"]
[Result "1-0"]
[WhiteElo "2198"]
[BlackElo "2163"]
[PlyCount "103"]

1. e4 e5 2. Nf3 Nc6 3. Bb5 Nf6 4. O-O Be7 5. Re1 d6 6. d4 exd4 7. Nxd4 Bd7 8.
Nc3 O-O 9. Nxc6 bxc6 10. Ba4 Ng4 11. Bb3 Bf6 12. h3 Ne5 13. f4 Ng6 14. Qd3 a5
15. Bd2 c5 16. a4 Bd4+ 17. Kh2 Be6 18. Bd5 Bxd5 19. exd5 Qd7 20. g3 c6 21. Rad1
Rfe8 22. dxc6 Qxc6 23. Qb5 Qxb5 24. Nxb5 Red8 25. Be3 Bxe3 26. Rxe3 d5 27. Nc7
Rab8 28. Rxd5 Rxd5 29. Nxd5 Kf8 30. b3 f5 31. Rc3 Rc8 32. Nb6 Rc6 33. Nc4 Ra6
34. Rd3 Ke7 35. Rd5 Re6 36. Rxf5 Re2+ 37. Kg1 Rxc2 38. Rxc5 Rc3 39. f5 Nf8 40.
Re5+ Kf6 41. Re3 Rc1+ 42. Kf2 Nd7 43. g4 Kg5 44. Re7 Nf6 45. Rxg7+ Kf4 46. Ke2
Rc3 47. g5 Ne4 48. f6 Nxg5 49. Rxg5 Kxg5 50. f7 Rc2+ 51. Ke3 Rc3+ 52. Ke4 1-0

[Event "Elit(Sollentuna-Solna)"]
[Site "?"]
[Date "2008.02.02"]
[Round "7"]
[White "Agrest, Evgenij"]
[Black "Bergstrom, Christer"]
[Result "1-0"]
[WhiteElo "2668"]
[BlackElo "2333"]
[PlyCount "69"]

1. Nf3 c5 2. c4 Nc6 3. d4 cxd4 4. Nxd4 d5 5. Nc3 Nf6 6. cxd5 Nxd5 7. Nxc6 bxc6
8. Bd2 Nxc3 9. Bxc3 Qxd1+ 10. Rxd1 Be6 11. b3 Bd5 12. f3 f5 13. e3 a5 14. Bd3
a4 15. e4 fxe4 16. fxe4 Be6 17. Bc4 Bxc4 18. bxc4 e6 19. Ke2 Bc5 20. Rhf1 Rf8
21. Rxf8+ Bxf8 22. Rb1 Ra7 23. Bd4 Rd7 24. Be3 Bd6 25. h3 Rd8 26. Bd4 Bf8 27.
Bc3 Kd7 28. Rb7+ Kd6 29. Ra7 Kc5 30. Rxa4 Rb8 31. Kd3 Rd8+ 32. Ke3 Rb8 33. Bd4+
Kd6 34. Kf4 Rd8 35. Ra7 1-0

[Event "Elit(Sollentuna-Solna)"]
[Site "?"]
[Date "2008.02.02"]
[Round "7"]
[White "Karlsson, Tomas"]
[Black "Ernst, Thomas"]
[Result "1/2-1/2"]
[WhiteElo "2293"]
[BlackElo "2526"]
[PlyCount "124"]

1. e4 c5 2. Nf3 d6 3. d4 cxd4 4. Nxd4 Nf6 5. Nc3 Nc6 6. Bg5 e6 7. Qd2 a6 8.
O-O-O h6 9. Be3 Bd7 10. f3 Qc7 11. Kb1 Ne5 12. f4 Nc4 13. Bxc4 Qxc4 14. e5 dxe5
15. fxe5 Nd5 16. Nxd5 Qxd5 17. Qf2 Qxe5 18. Rhe1 Qf6 19. Qg3 Be7 20. Qc7 Rc8
21. Qxb7 e5 22. Ne2 Qc6 23. Qxc6 Bxc6 24. g3 O-O 25. Nc3 Bb4 26. Bd2 Bf3 27.
Ne2 Bc5 28. Rc1 e4 29. Ng1 Bg2 30. Re2 Bh1 31. Be3 f5 32. Bxc5 Rxc5 33. h4 f4
34. gxf4 Rh5 35. Rh2 Bf3 36. Nxf3 exf3 37. c4 Rxf4 38. Rf2 Rhxh4 39. c5 Rc4 40.
b3 Rxc1+ 41. Kxc1 Rf4 42. Kd2 Rf5 43. b4 g5 44. Ke3 g4 45. c6 Rf6 46. Rc2 f2
47. c7 f1=Q 48. c8=Q+ Kh7 49. Rc7+ Rf7 50. Rxf7+ Qxf7 51. Qxg4 Qxa2 52. Qf5+
Kg7 53. Qg4+ Kf7 54. Qf4+ Ke7 55. Qxh6 Qa3+ 56. Ke2 Kd7 57. Qb6 Qa4 58. Kd2 Qc6
59. Qxc6+ Kxc6 60. Kc3 Kb5 61. Kb3 a5 62. bxa5 Kxa5 1/2-1/2

[Event "Elit(Sollentuna-Solna)"]
[Site "?"]
[Date "2008.02.02"]
[Round "7"]
[White "Berg, Emanuel"]
[Black "Johansson, Gunnar"]
[Result "1-0"]
[WhiteElo "2648"]
[BlackElo "2296"]
[PlyCount "129"]

1. e4 c5 2. Nf3 e6 3. d4 cxd4 4. Nxd4 Nc6 5. Nc3 Qc7 6. Be3 a6 7. Qd2 Nf6 8. f3
Bb4 9. a3 Be7 10. Be2 b5 11. Nxc6 dxc6 12. f4 Bb7 13. e5 Rd8 14. Qc1 Nd7 15.
O-O c5 16. Bf3 O-O 17. Qe1 Nb6 18. Qg3 Nc4 19. Bxb7 Qxb7 20. b3 Nxe3 21. Qxe3
c4 22. b4 Rd7 23. Ne4 Rfd8 24. Kh1 Rd4 25. Rae1 Qd5 26. h3 h6 27. Kh2 Bh4 28.
Re2 Be7 29. Rf3 Rd7 30. Rf1 Kh8 31. Rff2 Bh4 32. g3 Be7 33. Rd2 Rd8 34. Nd6
Rxd6 35. exd6 Bf6 36. d7 Qxd7 37. Rxd4 Qxd4 38. Qxd4 Bxd4 39. Rd2 Bb2 40. Rd6
Bxa3 41. Rxa6 Bxb4 42. Rb6 Bd2 43. Rxb5 g5 44. f5 exf5 45. Rxf5 Kg7 46. Rc5 c3
47. g4 Kg6 48. Kg2 f6 49. Kf3 h5 50. Ke4 hxg4 51. hxg4 Be1 52. Kd5 Kf7 53. Rc7+
Kg6 54. Ke6 Bd2 55. Rc5 Be1 56. Rf5 Kg7 57. Rxf6 Bd2 58. Kf5 Bf4 59. Rc6 Bd2
60. Rc7+ Kh6 61. Kf6 Be3 62. Kf7 Bd4 63. Kg8 Kg6 64. Rc6+ Bf6 65. Re6 1-0

[Event "Elit(Sollentuna-Solna)"]
[Site "?"]
[Date "2008.02.02"]
[Round "7"]
[White "Bergstrom, Magnus"]
[Black "Lindberg, Bo"]
[Result "1/2-1/2"]
[WhiteElo "2206"]
[BlackElo "2478"]
[PlyCount "105"]

1. c4 g6 2. Nc3 Bg7 3. d4 c5 4. Nf3 cxd4 5. Nxd4 Nc6 6. Nxc6 bxc6 7. Qd3 Nf6 8.
e4 O-O 9. Be2 d6 10. O-O Rb8 11. Rb1 d5 12. cxd5 cxd5 13. Be3 Qa5 14. Nxd5 Nxd5
15. Qxd5 Qxd5 16. exd5 Bf5 17. Rbc1 Rxb2 18. Bc4 a5 19. Bb3 Ra8 20. Rc7 a4 21.
Bc4 Be5 22. Rxe7 Bd6 23. Ra7 Rxa7 24. Bxa7 Rc2 25. Bb5 Rxa2 26. Bd4 Bb4 27. g4
Bxg4 28. Rb1 Bd6 29. Re1 f6 30. Re8+ Kf7 31. Ra8 Bh3 32. Ra7+ Kg8 33. Ra8+ Kg7
34. Ra7+ Kh6 35. Rxa4 Rxa4 36. Bxa4 Kg5 37. f3 Bc8 38. Bb3 Ba6 39. Kg2 Bd3 40.
Ba2 h5 41. h4+ Kf5 42. Bb3 g5 43. hxg5 fxg5 44. Ba4 Be5 45. Be3 h4 46. Bd7+ Kf6
47. Be6 Bg3 48. Bd2 Bc4 49. Bc3+ Be5 50. Bd2 Bf4 51. Bc3+ Be5 52. Bd2 Bf4 53.
Bc3+ 1/2-1/2

[Event "Elit(Sollentuna-Solna)"]
[Site "?"]
[Date "2008.02.02"]
[Round "7"]
[White "Dzevlan, Miralem"]
[Black "Steneskog, Per"]
[Result "1-0"]
[WhiteElo "2454"]
[BlackElo "2231"]
[PlyCount "73"]

1. d4 d5 2. c4 e6 3. Nc3 c5 4. cxd5 exd5 5. Nf3 Nc6 6. g3 Nf6 7. Bg2 Be7 8. O-O
O-O 9. Bg5 cxd4 10. Nxd4 h6 11. Be3 Re8 12. Nb3 Bg4 13. Nxd5 Nxd5 14. Bxd5 Nb4
15. Bxb7 Rb8 16. Qxd8 Bxd8 17. Bg2 Rxe3 18. fxe3 Nc2 19. Bd5 Bf6 20. Rxf6 gxf6
21. Rc1 Nxe3 22. Bf3 Be6 23. Rc7 Bxb3 24. axb3 Rxb3 25. Rxa7 Rxb2 26. Bh5 Rb1+
27. Kf2 Nd1+ 28. Kf3 Rb3+ 29. Kf4 Rb4+ 30. e4 Nc3 31. Bxf7+ Kf8 32. Bg6 Nd5+
33. Kg4 Ne7 34. Kh5 Nxg6 35. Kxg6 Rxe4 36. Rh7 Re5 37. Kxf6 1-0

[Event "Elit(Sollentuna-Solna)"]
[Site "?"]
[Date "2008.02.02"]
[Round "7"]
[White "Dalmau, Jorgen"]
[Black "Couso, Luis"]
[Result "1-0"]
[WhiteElo "2191"]
[BlackElo "2350"]
[PlyCount "119"]

1. e4 c5 2. Nf3 e6 3. d4 cxd4 4. Nxd4 Nc6 5. Nc3 Qc7 6. g3 d6 7. Be3 Nf6 8. Bg2
Bd7 9. O-O Be7 10. a4 O-O 11. Ndb5 Qb8 12. Bf4 Ne5 13. Qe2 a6 14. Nd4 Qc7 15.
Nf3 Rac8 16. Rfd1 h6 17. Nxe5 dxe5 18. Be3 Bc5 19. Rd3 Bxe3 20. Qxe3 Qc5 21.
Qxc5 Rxc5 22. a5 Rfc8 23. f3 g5 24. Kf2 Kf8 25. Ke3 h5 26. Rd2 Ke7 27. Bf1 g4
28. f4 Bc6 29. Bd3 h4 30. Ne2 exf4+ 31. gxf4 Rh5 32. Nd4 Bd7 33. c4 Rg8 34. e5
Ne8 35. Be4 Bc8 36. c5 f6 37. exf6+ Nxf6 38. b4 e5 39. Ne2 g3 40. hxg3 exf4+
41. Nxf4 Rxg3+ 42. Kd4 Nxe4 43. Kxe4 Rh6 44. Rf1 Be6 45. Rd6 Rf6 46. Rb6 Bf5+
47. Kd4 Rxb6 48. axb6 Rg8 49. Nd5+ Ke6 50. Rxf5 Kxf5 51. Ne7+ Kg5 52. Nxg8 h3
53. c6 h2 54. cxb7 h1=Q 55. b8=Q Qd1+ 56. Kc5 Qc2+ 57. Kd5 Qg2+ 58. Ke6 Qg4+
59. Ke7 Qe4+ 60. Kd7 1-0

[Event "Elit(Sollentuna-Solna)"]
[Site "?"]
[Date "2008.02.02"]
[Round "7"]
[White "Ong, Kezli"]
[Black "Landgren, Andreas"]
[Result "1/2-1/2"]
[WhiteElo "2364"]
[BlackElo "2198"]
[PlyCount "84"]

1. e4 c5 2. Nf3 d6 3. d4 cxd4 4. Nxd4 Nf6 5. Nc3 a6 6. f4 e6 7. Qf3 Qb6 8. Nb3
Qc7 9. Bd3 Be7 10. Be3 b5 11. g4 Bb7 12. g5 Nfd7 13. O-O-O Nc6 14. Kb1 O-O-O
15. h4 Nc5 16. h5 h6 17. Qg4 hxg5 18. Nd5 f5 19. Nxc7 fxg4 20. Nxc5 dxc5 21.
Nxe6 Rd7 22. Nxg5 Bxg5 23. fxg5 c4 24. Be2 Ne5 25. Bd4 Re7 26. h6 gxh6 27.
Bxg4+ Nxg4 28. Bxh8 hxg5 29. Rhg1 Rxe4 30. Rde1 Rxe1+ 31. Rxe1 Nh2 32. Rg1 Nf3
33. Rg4 Kd7 34. Kc1 Ke6 35. Bc3 Kf5 36. Rg2 g4 37. Kd1 Ng5 38. Rg1 Bf3+ 39. Kc1
Ne4 40. Bd2 g3 41. Ba5 g2 42. Re1 Kg4 1/2-1/2

[Event "Elit(Rockaden-Wasa)"]
[Site "?"]
[Date "2008.02.02"]
[Round "7"]
[White "Wedberg, Tom"]
[Black "Nielsen, Peter Heine"]
[Result "0-1"]
[WhiteElo "2556"]
[BlackElo "2675"]
[PlyCount "56"]

1. e4 e5 2. Nf3 Nc6 3. Bb5 a6 4. Ba4 Nf6 5. O-O b5 6. Bb3 Bc5 7. c3 d6 8. d4
Bb6 9. a4 Bg4 10. Be3 O-O 11. Re1 exd4 12. cxd4 Bxf3 13. gxf3 b4 14. Qd3 Nh5
15. Qc4 Nxd4 16. Bxd4 Bxd4 17. Qxd4 Nf4 18. Re3 Qg5+ 19. Kf1 Qg2+ 20. Ke1 Qg1+
21. Kd2 c5 22. Qc4 Qxf2+ 23. Re2 Qxf3 24. Bd1 Rfe8 25. Kc2 d5 26. Nd2 dxc4 27.
Nxf3 Nxe2 28. Bxe2 Rxe4 0-1

[Event "Elit(Rockaden-Wasa)"]
[Site "?"]
[Date "2008.02.02"]
[Round "7"]
[White "Barkhagen, Jonas"]
[Black "von Bahr, Oskar"]
[Result "1-0"]
[WhiteElo "2549"]
[BlackElo "2388"]
[PlyCount "47"]

1. d4 Nf6 2. c4 g6 3. Nc3 d5 4. cxd5 Nxd5 5. e4 Nxc3 6. bxc3 Bg7 7. Nf3 c5 8.
Rb1 O-O 9. Be2 b6 10. O-O Bb7 11. Qd3 e6 12. Rd1 Nd7 13. Bg5 Qc7 14. Qe3 Rac8
15. d5 exd5 16. exd5 Rfe8 17. Qd2 Nf6 18. Bxf6 Bxf6 19. Bb5 Red8 20. d6 Qb8 21.
d7 Rc7 22. Qd6 Bxc3 23. Ng5 Bd4 24. Re1 1-0

[Event "Elit(Rockaden-Wasa)"]
[Site "?"]
[Date "2008.02.02"]
[Round "7"]
[White "Hellborg, Teodor"]
[Black "Bator, Robert"]
[Result "1/2-1/2"]
[WhiteElo "2384"]
[BlackElo "2413"]
[PlyCount "53"]

1. d4 d5 2. c4 c6 3. Nc3 Nf6 4. e3 a6 5. Bd3 g6 6. Nf3 Bg7 7. Qc2 O-O 8. h3 c5
9. dxc5 Qa5 10. O-O dxc4 11. Bxc4 Qxc5 12. Na4 Qh5 13. Nb6 Bf5 14. Qd1 Ra7 15.
Nd4 Qh4 16. e4 Bxe4 17. Be3 Bh6 18. Qd2 Bxe3 19. Qxe3 e5 20. Nb3 Nc6 21. Rad1
Bf5 22. Rfe1 Kg7 23. Rd6 Ne4 24. Rd5 Nf6 25. Rd6 Ne4 26. Rd5 Nf6 27. Rd6
1/2-1/2

[Event "Elit(Rockaden-Wasa)"]
[Site "?"]
[Date "2008.02.02"]
[Round "7"]
[White "Engqvist, Thomas"]
[Black "Genkin, Michael"]
[Result "1/2-1/2"]
[WhiteElo "2427"]
[BlackElo "2339"]
[PlyCount "83"]

1. Nf3 Nf6 2. c4 e6 3. Nc3 d5 4. d4 Be7 5. Bg5 h6 6. Bh4 b6 7. Qa4+ c6 8. cxd5
Nxd5 9. Bg3 Nxc3 10. bxc3 Bb7 11. Ne5 O-O 12. e3 Bh4 13. Be2 Bxg3 14. hxg3 Qc7
15. Bf3 Rc8 16. O-O Nd7 17. Nxd7 Qxd7 18. Rab1 Qe7 19. Rfd1 c5 20. Qa3 Bxf3 21.
gxf3 Qf6 22. Kg2 cxd4 23. cxd4 Qd8 24. Rbc1 Qd7 25. Qa6 Rc7 26. a4 Rac8 27.
Rxc7 Rxc7 28. Qb5 Qxb5 29. axb5 Rc2 30. Ra1 Rb2 31. Rxa7 Rxb5 32. f4 h5 33. Kf3
g6 34. Rb7 Kg7 35. Ke4 Kf6 36. Kf3 Rb3 37. g4 hxg4+ 38. Kxg4 Rb2 39. Kf3 Rb3
40. Ke4 Rb2 41. Kd3 Rxf2 42. Rxb6 1/2-1/2

[Event "Elit(Rockaden-Wasa)"]
[Site "?"]
[Date "2008.02.02"]
[Round "7"]
[White "Collett, Peter"]
[Black "Hedman, Erik"]
[Result "1/2-1/2"]
[WhiteElo "2262"]
[BlackElo "2435"]
[PlyCount "101"]

1. d4 Nf6 2. c4 e6 3. Nc3 c5 4. d5 exd5 5. cxd5 d6 6. e4 g6 7. f4 Bg7 8. Bb5+
Nfd7 9. a4 Qh4+ 10. g3 Qd8 11. Nf3 O-O 12. O-O a6 13. Bd3 Nf6 14. Re1 Bg4 15.
Bf1 Nbd7 16. h3 Bxf3 17. Qxf3 Ne8 18. Be3 Rb8 19. Rad1 Qa5 20. Bc1 b5 21. axb5
axb5 22. g4 c4 23. Kh1 b4 24. Ne2 g5 25. Nd4 gxf4 26. Bxf4 Qa2 27. Qe2 c3 28.
bxc3 Qxe2 29. Rxe2 bxc3 30. Rc2 Rb2 31. Rxc3 Bxd4 32. Rxd4 Rf2 33. Bb5 Ne5 34.
Bg3 Rb2 35. Bc6 f6 36. Ra4 Ng7 37. Ra8 h5 38. Rxf8+ Kxf8 39. Bxe5 fxe5 40. Bd7
Re2 41. Rc4 Ke7 42. Bc8 Kf6 43. h4 hxg4 44. Bxg4 Rf2 45. Rc6 Ke7 46. Rc7+ Kf6
47. Rd7 Rf4 48. Rxd6+ Kf7 49. Rd7+ Kf6 50. Rd6+ Kf7 51. Rd7+ 1/2-1/2

[Event "Elit(Rockaden-Wasa)"]
[Site "?"]
[Date "2008.02.02"]
[Round "7"]
[White "Blomqvist, Erik"]
[Black "Berkell, Peder"]
[Result "1-0"]
[WhiteElo "2379"]
[BlackElo "2217"]
[PlyCount "117"]

1. e4 e5 2. Nf3 Nc6 3. Bb5 Nf6 4. O-O Nxe4 5. d4 Nd6 6. Bxc6 dxc6 7. dxe5 Nf5
8. Qxd8+ Kxd8 9. Nc3 Be6 10. Bg5+ Ke8 11. g4 Ne7 12. h3 h6 13. Be3 Nd5 14. Nxd5
Bxd5 15. Nd4 h5 16. f3 a6 17. b3 c5 18. Ne2 Bc6 19. Rad1 Be7 20. c4 Rd8 21. Kg2
b6 22. Bf4 Rd7 23. Bg3 Bg5 24. Nc3 h4 25. Bh2 Be3 26. Rxd7 Kxd7 27. Rd1+ Kc8
28. Nd5 Bd4 29. Ne7+ Kb7 30. Nf5 f6 31. Nxd4 cxd4 32. exf6 gxf6 33. Rxd4 Re8
34. Kf2 b5 35. c5 a5 36. a3 Re7 37. Bf4 Re8 38. Be3 Re5 39. Rd8 b4 40. axb4
axb4 41. Rd4 Rxc5 42. Rxb4+ Rb5 43. Rxb5+ Bxb5 44. Bd4 f5 45. Bf6 fxg4 46. fxg4
c5 47. Bxh4 Bd7 48. Kf3 Be6 49. Kf4 Kc6 50. Bf2 Bxb3 51. Ke5 c4 52. h4 Kd7 53.
Kf6 Ke8 54. Bc5 c3 55. Ba3 c2 56. Kg7 Be6 57. g5 Bg4 58. g6 Be2 59. Kh8 1-0

[Event "Elit(Rockaden-Wasa)"]
[Site "?"]
[Date "2008.02.02"]
[Round "7"]
[White "Nordstrom, Felix"]
[Black "Zadruzny, Nicolaj"]
[Result "0-1"]
[WhiteElo "2215"]
[BlackElo "2306"]
[PlyCount "80"]

1. d4 f5 2. g3 Nf6 3. Bg2 e6 4. Nf3 d5 5. O-O Bd6 6. c4 c6 7. b3 Qe7 8. Bb2 O-O
9. Qc2 b6 10. Ne5 Bb7 11. Nd2 Nbd7 12. Ndf3 Rac8 13. Rac1 c5 14. e3 cxd4 15.
exd4 dxc4 16. bxc4 Bxe5 17. dxe5 Ne4 18. Qe2 Ndc5 19. Nd4 Ng5 20. Nb5 f4 21. f3
Rcd8 22. Bd4 Nf7 23. Rcd1 a6 24. Nc3 Qg5 25. g4 h5 26. gxh5 Nh6 27. Bf2 Qxh5
28. Rd6 Rxd6 29. exd6 Rd8 30. Rd1 Nf7 31. Rd4 e5 32. Rd2 Rxd6 33. Nd5 Bxd5 34.
cxd5 Rg6 35. Kh1 Qg5 36. Bxc5 bxc5 37. d6 Nxd6 38. Qxa6 Nf5 39. Qc8+ Kh7 40.
Qxc5 Ne3 0-1

[Event "Elit(Rockaden-Wasa)"]
[Site "?"]
[Date "2008.02.02"]
[Round "7"]
[White "Vilchez, Victor"]
[Black "Soderberg, Per"]
[Result "0-1"]
[WhiteElo "2363"]
[BlackElo "2187"]
[PlyCount "134"]

1. e4 c5 2. Nf3 d6 3. d4 cxd4 4. Nxd4 Nf6 5. Nc3 a6 6. Bg5 e6 7. f4 Qb6 8. Nb3
Nbd7 9. Qe2 Qc7 10. O-O-O b5 11. a3 Bb7 12. g4 Be7 13. Bg2 Rc8 14. Rhe1 h6 15.
Bh4 Nxe4 16. Bxe4 Bxh4 17. Bxb7 Qxb7 18. Ne4 Be7 19. Nxd6+ Bxd6 20. Rxd6 O-O
21. g5 hxg5 22. fxg5 Rxc2+ 23. Kxc2 Qc7+ 24. Kb1 Qxd6 25. g6 e5 26. gxf7+ Rxf7
27. Rd1 Qe6 28. Nd2 Qf5+ 29. Qe4 g6 30. Ka1 Nc5 31. Qa8+ Kg7 32. Rf1 Qd7 33.
Rxf7+ Kxf7 34. Qf3+ Kg7 35. Ne4 Qc6 36. Qc3 Nb3+ 37. Qxb3 Qxe4 38. Qe6 Qh1+ 39.
Ka2 Qxh2 40. Qe7+ Kh6 41. Qf8+ Kg5 42. Qe7+ Kg4 43. Qd7+ Kf4 44. Qf7+ Ke3 45.
Qxg6 Qe2 46. Qxa6 Qc4+ 47. Kb1 e4 48. Qh6+ Ke2 49. Qh2+ Kd1 50. Qg1+ Kd2 51.
Qf2+ Qe2 52. Qf4+ e3 53. Qb4+ Kd1 54. Qb3+ Ke1 55. Qb4+ Kf1 56. Qf4+ Qf2 57.
Qe4 e2 58. Qh1+ Qg1 59. Qf3+ Ke1 60. Qf4 Qc5 61. Qe4 Kd2 62. Qf4+ Kd1 63. Qf3
Qc1+ 64. Ka2 Qc4+ 65. Kb1 Kd2 66. Qf2 Qd3+ 67. Ka2 Kc2 0-1

[Event "Elit(Upsala-Vasteras)"]
[Site "?"]
[Date "2008.02.02"]
[Round "7"]
[White "Akesson, Ralf"]
[Black "Johansson, Jan"]
[Result "1-0"]
[WhiteElo "2537"]
[BlackElo "2489"]
[PlyCount "89"]
[SourceDate "2008.02.15"]

1. Nf3 Nf6 2. c4 e6 3. Nc3 Bb4 4. g3 b6 5. Bg2 Bb7 6. O-O O-O 7. d3 d5 8. cxd5
exd5 9. a3 Bxc3 10. bxc3 c5 11. Bg5 Nbd7 12. a4 Re8 13. Re1 h6 14. Bxf6 Qxf6
15. d4 Re7 16. e3 Bc6 17. Nd2 Qd6 18. Qb3 Rae8 19. Red1 h5 20. dxc5 Nxc5 21.
Qb4 Qf6 22. Qd4 Qg6 23. a5 Bd7 24. axb6 axb6 25. Bxd5 Bg4 26. Rdb1 Rd7 27. c4
h4 28. Rb2 hxg3 29. hxg3 Bf5 30. Rba2 Qh5 31. Ra8 Rxa8 32. Rxa8+ Kh7 33. Nf3
Ne6 34. Qh4 Qxh4 35. Nxh4 Bd3 36. Nf3 Rc7 37. Ne5 Be2 38. Nxf7 Nc5 39. Rh8+ Kg6
40. Ne5+ Kf6 41. f4 Nd3 42. Nxd3 Bxd3 43. Rb8 Bxc4 44. Rxb6+ Kf5 45. Bf3 1-0